[Event "Campeonato Brasileiro Amador 2015"]
[Site "Esporte Clube Pinheiros, SÃ£o P"]
[Date "2015.04.30"]
[Round "1.1"]
[White "Campos, Igor Ribeiro"]
[Black "Van Riemsdijk, Felipe Herman"]
[Result "1-0"]
[WhiteElo "2182"]
[BlackElo "1771"]
[PlyCount "43"]
[EventDate "2015.04.30"]

1. d3 e5 2. g3 d5 3. Bg2 Nf6 4. Nf3 Nc6 5. O-O Bc5 6. Nxe5 Bxf2+ 7. Rxf2 Nxe5
8. d4 Nc6 9. Bg5 Be6 10. Nc3 h6 11. Bxf6 gxf6 12. e4 Ne7 13. Qe2 c6 14. Re1 Qd7
15. exd5 cxd5 16. Rxf6 O-O-O 17. Qd2 Nf5 18. Qf4 h5 19. Bh3 Nxd4 20. Rxf7 Qc6
21. Rxe6 Nxe6 22. Bxe6+ 1-0

[Event "Campeonato Brasileiro Amador 2015"]
[Site "Esporte Clube Pinheiros, SÃ£o P"]
[Date "2015.04.30"]
[Round "1.2"]
[White "Schwertner, Joao Victor Moreir"]
[Black "Queiroz, Alberto Becker"]
[Result "0-1"]
[WhiteElo "1771"]
[BlackElo "2164"]
[PlyCount "96"]
[EventDate "2015.04.30"]

1. d4 Nf6 2. c4 c5 3. Nf3 cxd4 4. Nxd4 e5 5. Nb5 d5 6. cxd5 Bc5 7. N5c3 e4 8.
Nxe4 Qa5+ 9. Nec3 O-O 10. e3 Rd8 11. Bd2 Bb4 12. Bc4 b5 13. Be2 Bb7 14. a3 Na6
15. O-O Nxd5 16. Bf3 Rac8 17. Nxd5 Bxd5 18. Bxd5 Bxd2 19. Qf3 Rc7 20. Rd1 Bc1
21. Ra2 Kh8 22. b4 Qb6 23. Nd2 Rcd7 24. Nb3 Nc7 25. e4 Bg5 26. Nc5 Re7 27. Qf5
Bf6 28. Rad2 Re5 29. Qg4 Nxd5 30. Nd7 Rxd7 31. Qxd7 Ne7 32. Rd6 Qb8 33. Ra6 h6
34. Rxa7 Rxe4 35. Rb7 Qe5 36. Qxb5 Re1+ 37. Rxe1 Qxe1+ 38. Qf1 Qc3 39. Rb8+ Kh7
40. Qb1+ g6 41. a4 Nd5 42. b5 Bd4 43. g3 Qd2 44. Qf1 Ne3 45. Qb1 Nd1 46. Kg2
Qxf2+ 47. Kh3 Ne3 48. Qe4 Qf1+ 0-1

[Event "Campeonato Brasileiro Amador 2015"]
[Site "Esporte Clube Pinheiros, SÃ£o P"]
[Date "2015.04.30"]
[Round "1.3"]
[White "Nery Junior, Jose Antonio"]
[Black "Nunes, Agatha Hurba"]
[Result "1-0"]
[WhiteElo "2151"]
[BlackElo "1765"]
[PlyCount "51"]
[EventDate "2015.04.30"]

1. e4 d5 2. exd5 Nf6 3. d4 Nxd5 4. Nf3 Bg4 5. h3 Bh5 6. Bc4 Nb6 7. Bb3 e6 8.
Qd3 Bg6 9. Qe2 Nc6 10. O-O Nxd4 11. Nxd4 Qxd4 12. Nc3 O-O-O 13. Bg5 Re8 14. Nb5
Qe4 15. Nxa7+ Kb8 16. Qxe4 Bxe4 17. Nb5 Bc5 18. Rfe1 Bd5 19. Bf4 Re7 20. c3 Bc6
21. a4 Bd5 22. Bc2 Bc6 23. b4 Bxb5 24. bxc5 Nd5 25. axb5 Nxf4 26. Ra4 1-0

[Event "Campeonato Brasileiro Amador 2015"]
[Site "Esporte Clube Pinheiros, SÃ£o P"]
[Date "2015.04.30"]
[Round "1.4"]
[White "Souza, Kim Garcia De"]
[Black "De Moura, Sergio Jovelino"]
[Result "1-0"]
[WhiteElo "1764"]
[BlackElo "2147"]
[PlyCount "99"]
[EventDate "2015.04.30"]

1. b4 Nf6 2. Bb2 e6 3. a3 d5 4. e3 Be7 5. c4 dxc4 6. Bxc4 O-O 7. Nf3 b6 8. O-O
Nbd7 9. d3 c5 10. b5 Qc7 11. Nbd2 Ng4 12. h3 Nge5 13. Rc1 a6 14. Qb3 Nxc4 15.
Nxc4 axb5 16. Qxb5 Ba6 17. Qb3 Qa7 18. Nce5 Nxe5 19. Nxe5 Bb7 20. Nd7 Bd5 21.
Qc3 f6 22. Nxf8 Bxf8 23. e4 Bc6 24. Qb3 Bd7 25. Rb1 b5 26. Bc1 Kh8 27. Ra1 Qa6
28. Be3 c4 29. dxc4 bxc4 30. Qc3 Ba4 31. Rfc1 Bb3 32. a4 e5 33. a5 Qb7 34. Bb6
Qxe4 35. a6 Qd5 36. a7 Qb7 37. Qa5 h6 38. Rab1 Kh7 39. Be3 Qe4 40. Qb5 f5 41.
Re1 Bd6 42. Bxh6 Qd3 43. Qb7 Rxa7 44. Qxa7 Kxh6 45. Qb6 g6 46. Ra1 f4 47. Ra6
Qd2 48. Rf1 c3 49. Qxd6 Bc2 50. Qf6 1-0

[Event "Campeonato Brasileiro Amador 2015"]
[Site "Esporte Clube Pinheiros, SÃ£o P"]
[Date "2015.04.30"]
[Round "1.5"]
[White "Gomez, Gustavo Pizzocaro"]
[Black "Yoshioka, Andre"]
[Result "0-1"]
[WhiteElo "2135"]
[BlackElo "1754"]
[PlyCount "74"]
[EventDate "2015.04.30"]

1. d4 d5 2. c4 c6 3. Nc3 Nf6 4. Nf3 dxc4 5. e3 b5 6. a4 b4 7. Na2 b3 8. Nc3 Bf5
9. Bxc4 Bc2 10. Qe2 e6 11. O-O Qb6 12. a5 Qc7 13. e4 Bb4 14. e5 Nd5 15. Ne4 Nd7
16. Bd2 Bxe4 17. Qxe4 Rb8 18. Qg4 Kf8 19. Bxb3 h5 20. Qe4 Bxd2 21. Nxd2 Ke7 22.
Qh4+ Kf8 23. Rfc1 Ne7 24. Ra3 Nf5 25. Qe4 Rc8 26. Nc4 g6 27. Ne3 Nxe3 28. fxe3
Kg7 29. Rf1 Rhf8 30. Bc4 Rb8 31. b3 c5 32. Ra2 Rb4 33. Qh4 Qd8 34. Qxd8 Rxd8
35. Raf2 Rf8 36. d5 exd5 37. e6 fxe6 0-1

[Event "Campeonato Brasileiro Amador 2015"]
[Site "Esporte Clube Pinheiros, SÃ£o P"]
[Date "2015.04.30"]
[Round "1.6"]
[White "Batista, Francisco Klemberg M"]
[Black "Brandao, Renan Alves"]
[Result "1/2-1/2"]
[WhiteElo "1748"]
[BlackElo "2113"]
[PlyCount "52"]
[EventDate "2015.04.30"]

1. e4 c5 2. Nf3 Nc6 3. d4 cxd4 4. Nxd4 e5 5. Nb5 d6 6. c4 a6 7. N5a3 Be6 8. Nc3
Be7 9. Be2 Nd4 10. Nc2 Nxe2 11. Qxe2 Nf6 12. O-O Rc8 13. Ne3 O-O 14. Bd2 Qc7
15. Rac1 Qb8 16. f3 h6 17. Rfd1 Rfd8 18. Kh1 Rc6 19. Be1 Rdc8 20. Ned5 Bd8 21.
b3 Ne8 22. Bf2 Kf8 23. Nb4 R6c7 24. Nbd5 Rc6 25. Nb4 R6c7 26. Nbd5 Rc6 1/2-1/2

[Event "Campeonato Brasileiro Amador 2015"]
[Site "Esporte Clube Pinheiros, SÃ£o P"]
[Date "2015.04.30"]
[Round "1.7"]
[White "Rodrigues, Leonardo De Miranda"]
[Black "Alves Da Silva, Jadson Paulino"]
[Result "1-0"]
[WhiteElo "2111"]
[BlackElo "1742"]
[PlyCount "75"]
[EventDate "2015.04.30"]

1. e4 c5 2. Nf3 d6 3. d4 cxd4 4. Nxd4 Nf6 5. Nc3 a6 6. Bc4 e6 7. Bb3 Be7 8. O-O
O-O 9. f4 Nc6 10. Be3 Qc7 11. Kh1 Na5 12. f5 Nc4 13. Bc1 b5 14. Qd3 d5 15. exd5
exd5 16. a4 bxa4 17. Nxd5 Nxd5 18. Bxc4 Nb6 19. Ba2 Bf6 20. Bf4 Qc5 21. Be3 Qc7
22. c4 Nd7 23. Rac1 Nc5 24. Qa3 Rb8 25. Bf4 Be5 26. Bxe5 Qxe5 27. Nc6 Qxb2 28.
Qxc5 Qxa2 29. Nxb8 Bb7 30. Rf2 Qb3 31. Nd7 Rd8 32. Qe7 Rc8 33. Re1 h6 34. Qe8+
Kh7 35. Qxf7 Qc3 36. Qg6+ Kh8 37. Re8+ Rxe8 38. Qxe8+ 1-0

[Event "Campeonato Brasileiro Amador 2015"]
[Site "Esporte Clube Pinheiros, SÃ£o P"]
[Date "2015.04.30"]
[Round "1.8"]
[White "Frois, Vitor Amorim"]
[Black "Bruce, Shannon Hill"]
[Result "1-0"]
[WhiteElo "1735"]
[BlackElo "2111"]
[PlyCount "113"]
[EventDate "2015.04.30"]

1. e4 e5 2. Nc3 d6 3. Bc4 c6 4. d3 b5 5. Bb3 Nf6 6. f4 Bg4 7. Nf3 b4 8. Na4
exf4 9. Bxf4 Be7 10. O-O O-O 11. Qd2 d5 12. e5 Nfd7 13. d4 Re8 14. c3 bxc3 15.
Nxc3 Nf8 16. Bc2 Nbd7 17. h3 Bh5 18. Rac1 Ne6 19. Be3 Nb6 20. b3 Bg6 21. Bxg6
hxg6 22. Rfd1 Rc8 23. a4 Bb4 24. Qe2 Nd7 25. Na2 Bf8 26. b4 Nb6 27. a5 Nc4 28.
Nd2 Nb2 29. Rf1 c5 30. dxc5 d4 31. Bf4 d3 32. Qe4 Nd4 33. Rb1 g5 34. Bh2 f5 35.
Qe3 f4 36. Qe4 Na4 37. Qxd3 Rxe5 38. Qc4+ Kh8 39. Nf3 Ne2+ 40. Kh1 Re3 41. Rbd1
Qf6 42. Qc2 Nac3 43. Nxc3 Nxc3 44. Rde1 Rce8 45. Bg1 Rxe1 46. Rxe1 Rxe1 47.
Nxe1 Nd5 48. Qd2 Qf5 49. Nf3 Be7 50. Nd4 Qe4 51. Qc2 Qe1 52. c6 Bf6 53. Qe2
Qxb4 54. Qe8+ Kh7 55. Qe4+ Kh6 56. Nf5+ Kg6 57. Qxb4 1-0

[Event "Campeonato Brasileiro Amador 2015"]
[Site "Esporte Clube Pinheiros, SÃ£o P"]
[Date "2015.04.30"]
[Round "1.9"]
[White "Schutt, Ricardo De Amorim"]
[Black "Queiroz, Stella Becker"]
[Result "1-0"]
[WhiteElo "2111"]
[BlackElo "1728"]
[PlyCount "69"]
[EventDate "2015.04.30"]

1. e4 c6 2. d4 d5 3. f3 e6 4. Nc3 Qb6 5. Na4 Qa5+ 6. c3 Nd7 7. b4 Qc7 8. Bd3
Ne7 9. Ne2 Ng6 10. O-O Be7 11. e5 O-O 12. f4 b6 13. g4 c5 14. Bd2 Bb7 15. Qe1
Bh4 16. Qb1 Qc6 17. Nb2 a6 18. Nd1 c4 19. Bc2 b5 20. a4 Rad8 21. Rf3 Ba8 22.
Rh3 Be7 23. f5 Ndxe5 24. axb5 axb5 25. Rxa8 Rxa8 26. dxe5 exf5 27. gxf5 Nxe5
28. f6 Ng6 29. fxe7 Rfe8 30. Nd4 Qd7 31. Re3 Ra6 32. Bf5 Qb7 33. Re1 Qa8 34.
Nf2 Ra1 35. Qxa1 1-0

[Event "Campeonato Brasileiro Amador 2015"]
[Site "Esporte Clube Pinheiros, SÃ£o P"]
[Date "2015.04.30"]
[Round "1.10"]
[White "Nikolic, Jovane"]
[Black "Silva, Lucas Henrique Da"]
[Result "0-1"]
[WhiteElo "1728"]
[BlackElo "2100"]
[PlyCount "64"]
[EventDate "2015.04.30"]

1. e4 c5 2. c3 d6 3. d4 Nf6 4. Bd3 Nc6 5. Nf3 Bg4 6. Be3 e6 7. Nbd2 Be7 8. O-O
O-O 9. h3 Bh5 10. Qc2 cxd4 11. Nxd4 Ne5 12. f4 Nxd3 13. Qxd3 e5 14. Nf5 exf4
15. Nxe7+ Qxe7 16. Bxf4 Rad8 17. Bg5 Bg6 18. Bxf6 gxf6 19. Rae1 Rfe8 20. Qf3
Qe6 21. c4 Kg7 22. g4 Qe5 23. h4 h5 24. Rf2 hxg4 25. Qxg4 Qc5 26. Nb3 Qxc4 27.
h5 Re5 28. h6+ Kh7 29. Rxf6 Rg8 30. Re3 Bh5 31. Qxg8+ Kxg8 32. Rg3+ Bg6 0-1

[Event "Campeonato Brasileiro Amador 2015"]
[Site "Esporte Clube Pinheiros, SÃ£o P"]
[Date "2015.04.30"]
[Round "1.11"]
[White "Coutinho, Sidnei Bissacot"]
[Black "Arduini, Leonardo Adolfo"]
[Result "1-0"]
[WhiteElo "2078"]
[BlackElo "1716"]
[PlyCount "53"]
[EventDate "2015.04.30"]

1. e4 e5 2. Nf3 Nc6 3. d4 exd4 4. Nxd4 Bc5 5. Nb3 Bb6 6. Nc3 Nf6 7. Bg5 h6 8.
Bh4 g5 9. Bg3 d6 10. h4 g4 11. Qd2 Qe7 12. O-O-O Nh5 13. Nd5 Qd8 14. Bb5 Nxg3
15. fxg3 Bd7 16. Rhf1 Ne5 17. Nf6+ Ke7 18. Bxd7 Nxd7 19. Nxg4 Qg8 20. Qf4 Rf8
21. e5 h5 22. exd6+ Kd8 23. Nf6 c6 24. Nxg8 Rhxg8 25. Rfe1 Rg4 26. Qf5 f6 27.
Re7 1-0

[Event "Campeonato Brasileiro Amador 2015"]
[Site "Esporte Clube Pinheiros, SÃ£o P"]
[Date "2015.04.30"]
[Round "1.12"]
[White "Schucman, Rebeca Lot"]
[Black "Pinto, Rendrex Lopes"]
[Result "0-1"]
[WhiteElo "1708"]
[BlackElo "2072"]
[PlyCount "72"]
[EventDate "2015.04.30"]

1. d4 f5 2. c4 Nf6 3. Nf3 g6 4. Bf4 Bg7 5. Nc3 O-O 6. Qd2 Ne4 7. Nxe4 fxe4 8.
Ng5 d5 9. cxd5 Qxd5 10. e3 h6 11. Rc1 Kh8 12. Bc4 Qf5 13. g4 Qxg4 14. Nf7+ Kh7
15. h4 Be6 16. Be2 Qf5 17. Ne5 Bxe5 18. dxe5 Nc6 19. Qc3 Rad8 20. Rg1 Nd4 21.
exd4 Qxf4 22. Qe3 c6 23. b3 Rxd4 24. Qxd4 Qxc1+ 25. Bd1 Bf5 26. Qb4 c5 27. Qxb7
Qc3+ 28. Ke2 Bg4+ 29. Rxg4 Qf3+ 30. Kd2 Rd8+ 31. Kc2 Qxd1+ 32. Kb2 Rd2+ 33. Ka3
Qc1+ 34. Ka4 Rd4+ 35. Ka5 Qd2+ 36. Ka6 Qxa2+ 0-1

[Event "Campeonato Brasileiro Amador 2015"]
[Site "Esporte Clube Pinheiros, SÃ£o P"]
[Date "2015.04.30"]
[Round "1.13"]
[White "Souza Dos Santos, Matheus Garce"]
[Black "Fernandes, Jose Francisco"]
[Result "1-0"]
[WhiteElo "2058"]
[BlackElo "1694"]
[PlyCount "101"]
[EventDate "2015.04.30"]

1. e4 e5 2. Nf3 Nf6 3. Nc3 d6 4. d4 exd4 5. Nxd4 Be7 6. Be2 Bd7 7. Be3 Nc6 8.
f3 O-O 9. Qd2 a6 10. Nf5 Bxf5 11. exf5 Qc8 12. g4 Rd8 13. Nd5 Nxd5 14. Qxd5
Bh4+ 15. Kd2 Be7 16. Rad1 Ne5 17. f4 c6 18. Qe4 Nd7 19. Qxe7 Nf6 20. Bd4 Re8
21. Bxf6 Rxe7 22. Bxe7 Qc7 23. Bh4 Qa5+ 24. c3 Qxa2 25. Kc2 Qa4+ 26. Kb1 d5 27.
Rd4 Qa5 28. f6 g6 29. f5 Rd8 30. fxg6 hxg6 31. Bf3 Qb5 32. Rhd1 Re8 33. Bf2 Qc5
34. Re4 Qf8 35. Bc5 Qxc5 36. Rxe8+ Kh7 37. Rd4 Qd6 38. g5 Qxh2 39. Rd1 Qh5 40.
Bxh5 gxh5 41. Rh1 Kg6 42. Rg8+ Kf5 43. Rxh5 a5 44. g6+ Ke6 45. Rf5 b5 46. Re8+
Kd6 47. gxf7 Kc5 48. f8=Q+ Kc4 49. Qd6 Kb3 50. Qxc6 Ka4 51. Re4+ 1-0

[Event "Campeonato Brasileiro Amador 2015"]
[Site "Esporte Clube Pinheiros, São "]
[Date "2015.04.30"]
[Round "1.14"]
[White "Teshima, Ricardo Yoshida"]
[Black "Savian, Fabio"]
[Result "1/2-1/2"]
[WhiteElo "1690"]
[BlackElo "2057"]
[PlyCount "30"]
[EventDate "2015.04.30"]

1. Nf3 Nf6 2. b3 g6 3. Bb2 Bg7 4. d4 d5 5. e3 c5 6. c4 cxd4 7. Nxd4 O-O 8. Be2
Nc6 9. Nxc6 bxc6 10. O-O Ba6 11. Qc2 Rc8 12. Nd2 Ne8 13. Rfd1 Qb6 14. Bxg7 Nxg7
15. Nf3 Nf5 1/2-1/2

[Event "Campeonato Brasileiro Amador 2015"]
[Site "Esporte Clube Pinheiros, SÃ£o P"]
[Date "2015.04.30"]
[Round "1.15"]
[White "Van Riemsdijk, Dirk D"]
[Black "Pimenta, Breno Andrade"]
[Result "1-0"]
[WhiteElo "2048"]
[BlackElo "1686"]
[PlyCount "47"]
[EventDate "2015.04.30"]

1. Nf3 Nf6 2. c4 g6 3. Nc3 Bg7 4. e4 d6 5. d4 O-O 6. Be2 Nc6 7. O-O e5 8. d5
Ne7 9. Ne1 Ne8 10. Nd3 f5 11. f3 c6 12. Be3 c5 13. b4 b6 14. Rb1 Bd7 15. a4 Qc7
16. a5 Nf6 17. axb6 axb6 18. bxc5 bxc5 19. Nxc5 Qa7 20. Rb7 Qa3 21. Nxd7 Nxd7
22. Rxd7 Qxc3 23. Qc1 Nxd5 24. cxd5 1-0

[Event "Campeonato Brasileiro Amador 2015"]
[Site "Esporte Clube Pinheiros, São "]
[Date "2015.04.30"]
[Round "1.16"]
[White "Leite, Tarcisio Dantas Fro"]
[Black "Siqueira Gomes, Gustavo"]
[Result "0-1"]
[WhiteElo "1686"]
[BlackElo "2045"]
[PlyCount "118"]
[EventDate "2015.04.30"]

1. e4 c5 2. Nf3 e6 3. d4 cxd4 4. Nxd4 Nc6 5. Nb5 d6 6. c4 Nf6 7. Bg5 h6 8. Bxf6
gxf6 9. N1c3 a6 10. Nd4 Rg8 11. g3 Bd7 12. h4 Rc8 13. Bh3 Qb6 14. Nb3 Ne5 15.
Qe2 Nxc4 16. O-O-O a5 17. Kb1 a4 18. Nd4 Qb5 19. Rd3 Ne5 20. Nc2 Qb6 21. Rhd1
Nxd3 22. Rxd3 Qa5 23. f4 Qc5 24. Nd4 a3 25. Nb3 Qg1+ 26. Bf1 Rxg3 27. f5 axb2
28. Kxb2 Rxd3 29. Qxd3 Qf2+ 30. Qe2 Qxh4 31. Nd4 Qg3 32. Nf3 h5 33. fxe6 fxe6
34. Nb5 Qf4 35. Kb3 d5 36. Nfd4 Qg4 37. exd5 e5 38. d6 Kf7 39. Qh2 exd4 40. Be2
Qh3+ 41. Qxh3 Bxh3 42. Bxh5+ Ke6 43. Nxd4+ Kxd6 44. Bf3 Be6+ 45. Kb2 f5 46.
Nb5+ Ke5 47. Bxb7 Rb8 48. Bc6 Bd5 49. Bd7 f4 50. a4 f3 51. Bh3 Bc4 52. Kc3 Bxb5
53. axb5 Rxb5 54. Kc4 Rb1 55. Kd3 Kf4 56. Kc2 Rh1 57. Bc8 f2 58. Bb7 f1=Q 59.
Bxh1 Qxh1 0-1

[Event "Campeonato Brasileiro Amador 2015"]
[Site "Esporte Clube Pinheiros, SÃ£o P"]
[Date "2015.04.30"]
[Round "1.17"]
[White "Fonseca, Luis Ernesto Serra A"]
[Black "Federzoni, Enzo"]
[Result "1-0"]
[WhiteElo "2038"]
[BlackElo "1677"]
[PlyCount "47"]
[EventDate "2015.04.30"]

1. e4 c5 2. Nf3 e6 3. d4 cxd4 4. Nxd4 Nf6 5. Nc3 d6 6. Bb5+ Bd7 7. O-O Be7 8.
Qf3 a6 9. Be2 Nc6 10. Rd1 b5 11. a3 O-O 12. Qg3 Re8 13. Bf3 Rc8 14. Bh6 g6 15.
Nxc6 Bxc6 16. e5 Nd5 17. Bxd5 Bxd5 18. Nxd5 exd5 19. Rxd5 Rxc2 20. Qd3 Qc7 21.
exd6 Bxd6 22. Rxd6 Rc1+ 23. Rxc1 Qxc1+ 24. Bxc1 1-0

[Event "Campeonato Brasileiro Amador 2015"]
[Site "Esporte Clube Pinheiros, SÃ£o P"]
[Date "2015.04.30"]
[Round "1.18"]
[White "Gomes Silverio, Taua"]
[Black "Pomar, Marcelo Nascimento"]
[Result "0-1"]
[WhiteElo "1677"]
[BlackElo "2024"]
[PlyCount "74"]
[EventDate "2015.04.30"]

1. e4 e5 2. Nf3 Nc6 3. Bb5 a6 4. Ba4 Nf6 5. O-O Be7 6. Re1 b5 7. Bb3 O-O 8. Nc3
d6 9. d3 Bg4 10. Be3 Nd4 11. Bxd4 exd4 12. Nd5 c5 13. h3 Bc8 14. a4 Bb7 15.
Nxf6+ Bxf6 16. axb5 axb5 17. Rxa8 Qxa8 18. Qa1 h6 19. Nd2 Re8 20. Kf1 Bc6 21.
Qa2 Qxa2 22. Bxa2 Rd8 23. g3 Kf8 24. f4 g5 25. f5 Be5 26. g4 Bg3 27. Re2 Ra8
28. Bb3 Ra1+ 29. Kg2 Bf4 30. Nf3 Rb1 31. Re1 Rxb2 32. Ra1 c4 33. Ra2 Rb1 34.
dxc4 Bxe4 35. cxb5 Be3 36. Kg3 Rf1 37. Nxd4 Bf4# 0-1

[Event "Campeonato Brasileiro Amador 2015"]
[Site "Esporte Clube Pinheiros, São "]
[Date "2015.04.30"]
[Round "1.19"]
[White "Pereira, Geanfrancesco"]
[Black "Resende, Lucas B. Massucato"]
[Result "1-0"]
[WhiteElo "2014"]
[BlackElo "1675"]
[PlyCount "51"]
[EventDate "2015.04.30"]

1. e4 e6 2. d3 d5 3. Nd2 c5 4. Ngf3 Ne7 5. g3 Ng6 6. Bg2 Be7 7. Qe2 Nc6 8. c3
a6 9. a4 h6 10. O-O O-O 11. h4 Nge5 12. Nxe5 Nxe5 13. exd5 Bf6 14. Nc4 exd5 15.
Nxe5 Re8 16. d4 Bf5 17. Qh5 Bg6 18. Nxg6 fxg6 19. Qxg6 cxd4 20. cxd4 Kh8 21.
Bh3 Re2 22. Bf5 Qg8 23. Bxh6 Bxd4 24. Qh5 g6 25. Bxg6 Re5 26. Bg5+ 1-0

[Event "Campeonato Brasileiro Amador 2015"]
[Site "Esporte Clube Pinheiros, SÃ£o P"]
[Date "2015.04.30"]
[Round "1.20"]
[White "Carneiro, Jose Gildivan"]
[Black "Carstens Dobuchak, Thiago"]
[Result "0-1"]
[WhiteElo "1664"]
[BlackElo "2014"]
[PlyCount "64"]
[EventDate "2015.04.30"]

1. Nf3 d6 2. g3 g6 3. Bg2 Bg7 4. O-O e5 5. c4 c5 6. Nc3 Nc6 7. d3 Nge7 8. Rb1
O-O 9. a3 a5 10. Qa4 Bd7 11. Qc2 h6 12. Nb5 Be6 13. Be3 f5 14. Rfd1 g5 15. Bd2
Ng6 16. Qa4 g4 17. Ne1 f4 18. Nc3 Nd4 19. Rdc1 f3 20. exf3 gxf3 21. Bh1 b5 22.
Qd1 b4 23. Nxf3 bxc3 24. Nxd4 cxd4 25. Bxa8 cxd2 26. Qxd2 Qxa8 27. b4 Bh3 28.
f4 exf4 29. b5 Ne5 30. Rf1 Bxf1 31. Rxf1 Nf3+ 32. Rxf3 Qxf3 0-1

[Event "Campeonato Brasileiro Amador 2015"]
[Site "Esporte Clube Pinheiros, São P"]
[Date "2015.04.30"]
[Round "1.21"]
[White "Lopes, Marcelo Ferreira"]
[Black "Riboldi, Mario Garcia"]
[Result "1-0"]
[WhiteElo "2004"]
[BlackElo "1656"]
[PlyCount "35"]
[EventDate "2015.04.30"]

1. e4 c5 2. Nf3 Nc6 3. Bb5 g6 4. Bxc6 bxc6 5. d3 Bg7 6. O-O Nf6 7. Nc3 O-O 8.
Be3 d6 9. h3 Qd7 10. Qd2 Rd8 11. Bh6 Bh8 12. Nh2 e5 13. Bg5 Re8 14. f4 Nh5 15.
f5 d5 16. fxg6 hxg6 17. Ng4 Qb7 18. Nh6+ 1-0

[Event "Campeonato Brasileiro Amador 2015"]
[Site "Esporte Clube Pinheiros, São P"]
[Date "2015.04.30"]
[Round "1.22"]
[White "Lopes Pereira, Eder"]
[Black "Miquelin, Nicolas Seoane"]
[Result "1/2-1/2"]
[WhiteElo "1649"]
[BlackElo "2000"]
[PlyCount "70"]
[EventDate "2015.04.30"]

1. d4 Nf6 2. c4 e6 3. Nc3 Bb4 4. Qc2 c5 5. e3 Nc6 6. Nf3 d6 7. a3 Ba5 8. Bd2
O-O 9. Bd3 e5 10. d5 Ne7 11. O-O g6 12. e4 Nh5 13. Rab1 Bxc3 14. Bxc3 f5 15. b4
b6 16. bxc5 bxc5 17. Qd2 fxe4 18. Bxe4 Rf4 19. Qc2 Bf5 20. Bxf5 Nxf5 21. Bd2
Rg4 22. h3 Nd4 23. Nxd4 Rxd4 24. Rb7 Qh4 25. Qb2 Rxc4 26. Rb8+ Rxb8 27. Qxb8+
Kf7 28. Bh6 g5 29. Qxd6 Nf4 30. Qf8+ Kg6 31. Qg7+ Kf5 32. Qxh7+ Kf6 33. Qg7+
Kf5 34. Qh7+ Kf6 35. Qg7+ Kf5 1/2-1/2

[Event "Campeonato Brasileiro Amador 2015"]
[Site "Esporte Clube Pinheiros, São P"]
[Date "2015.04.30"]
[Round "1.23"]
[White "Tomic, Marco Di Pillo"]
[Black "Bail, Ellen Larissa"]
[Result "1-0"]
[WhiteElo "2000"]
[BlackElo "1644"]
[PlyCount "85"]
[EventDate "2015.04.30"]

1. d4 d5 2. c4 e6 3. Nf3 Nf6 4. Bg5 Be7 5. e3 c6 6. Nc3 Nbd7 7. cxd5 exd5 8.
Bd3 Ne4 9. Bxe7 Qxe7 10. O-O O-O 11. Qc2 Nef6 12. Rab1 c5 13. dxc5 Nxc5 14.
Rbc1 Nxd3 15. Qxd3 Be6 16. Nd4 a6 17. Rfd1 Rfd8 18. Na4 Bg4 19. f3 Bh5 20. Nb6
Bg6 21. Qc3 Rab8 22. Kf2 Qd6 23. Qc7 Qb4 24. b3 Qa3 25. Kg1 Ne8 26. Qe5 f6 27.
Qe6+ Bf7 28. Qh3 Qd6 29. Nc8 Qa3 30. Nf5 Rbxc8 31. Rxc8 Rxc8 32. Nh6+ gxh6 33.
Qxc8 Qe7 34. Qg4+ Bg6 35. Qf4 Nc7 36. Rc1 Ne6 37. Qxh6 Ng5 38. Rc8+ Kf7 39. Kf2
Qd6 40. Qh4 Qe5 41. Qb4 b5 42. Qf8+ Ke6 43. Rc6+ 1-0

[Event "Campeonato Brasileiro Amador 2015"]
[Site "Esporte Clube Pinheiros, São P"]
[Date "2015.04.30"]
[Round "1.24"]
[White "Auriemo, Danielle Ferreira"]
[Black "Pimentel, Rafael Favarin G"]
[Result "1-0"]
[WhiteElo "1643"]
[BlackElo "1992"]
[PlyCount "49"]
[EventDate "2015.04.30"]

1. e4 c6 2. d4 d5 3. exd5 cxd5 4. Nf3 Nf6 5. Be3 g6 6. Bd3 Bg7 7. O-O O-O 8. h3
Nc6 9. c3 a6 10. Nbd2 b5 11. Nb3 Re8 12. Re1 Qc7 13. Qd2 Ne4 14. Bxe4 dxe4 15.
Nh2 f5 16. f3 exf3 17. Nxf3 Bb7 18. Nc5 e5 19. Nxb7 Qxb7 20. dxe5 Bxe5 21. Qd5+
Qf7 22. Qxc6 Bg3 23. Ng5 Qe7 24. Qd5+ Kg7 25. Bd4+ 1-0

[Event "Campeonato Brasileiro Amador 2015"]
[Site "Esporte Clube Pinheiros, São P"]
[Date "2015.04.30"]
[Round "1.25"]
[White "Buarque, Hugo Leonardo De Bri"]
[Black "Dias, Matheus Nunes"]
[Result "0-1"]
[WhiteElo "1992"]
[BlackElo "1638"]
[PlyCount "91"]
[EventDate "2015.04.30"]

1. d4 Nf6 2. c4 g6 3. Nc3 Bg7 4. e4 d6 5. f3 O-O 6. Be3 a5 7. Nge2 Na6 8. Nc1
e5 9. d5 h6 10. Be2 Nh5 11. Nd3 g5 12. O-O Nf4 13. Qd2 f5 14. Rac1 Nxd3 15.
Bxd3 f4 16. Bf2 h5 17. Be2 Qf6 18. Qd1 Qg6 19. Na4 b6 20. Nc3 Bh6 21. Qa4 g4
22. Be1 Qg5 23. Qc6 Rb8 24. a3 Qe7 25. Qa4 Nc5 26. Qc2 g3 27. hxg3 fxg3 28.
Bxg3 h4 29. Bf2 Bxc1 30. Rxc1 h3 31. g3 Bd7 32. Kh2 Bg4 33. Bxc5 bxc5 34. Rf1
Bd7 35. Nb5 Rb7 36. Qd2 a4 37. g4 Rf7 38. Rg1 Bxb5 39. cxb5 Rf4 40. Rg3 Rb8 41.
Rxh3 Kg7 42. Qe1 Rh8 43. Qg3 Rxh3+ 44. Kxh3 Rf8 45. Bd1 Qg5 46. Kg2 0-1

[Event "Campeonato Brasileiro Amador 2015"]
[Site "Esporte Clube Pinheiros, São P"]
[Date "2015.04.30"]
[Round "1.26"]
[White "De Borba, Gabriel"]
[Black "Budde, Vinicius Chemale"]
[Result "0-1"]
[WhiteElo "1637"]
[BlackElo "1988"]
[PlyCount "30"]
[EventDate "2015.04.30"]

1. e4 c5 2. Nf3 d6 3. d4 cxd4 4. Nxd4 Nf6 5. Nc3 a6 6. Be3 e5 7. Nb3 Be7 8. f3
Be6 9. Qd2 O-O 10. g4 d5 11. g5 d4 12. gxf6 Bxf6 13. Rg1 dxe3 14. Qxe3 Bh4+ 15.
Ke2 Bc4+ 0-1

[Event "Campeonato Brasileiro Amador 2015"]
[Site "Esporte Clube Pinheiros, São P"]
[Date "2015.04.30"]
[Round "1.27"]
[White "Tacconi Da Silva, Lucas"]
[Black "Silvestre, Gilmar Severino"]
[Result "1-0"]
[WhiteElo "1979"]
[BlackElo "1635"]
[PlyCount "71"]
[EventDate "2015.04.30"]

1. d4 Nf6 2. Bg5 e6 3. e4 Be7 4. e5 Nd5 5. Bxe7 Qxe7 6. c4 Nf4 7. Qd2 Ng6 8.
Nc3 d6 9. exd6 cxd6 10. Nf3 Nc6 11. O-O-O O-O 12. h4 f5 13. h5 Nh8 14. Re1 Qf6
15. d5 Ne5 16. dxe6 Nxf3 17. gxf3 Bxe6 18. Nd5 Bxd5 19. Qxd5+ Nf7 20. Bd3 Qg5+
21. Kb1 Kh8 22. Rhg1 Qxh5 23. Rh1 Qg5 24. Reg1 Qf6 25. Bxf5 Nh6 26. Be4 b6 27.
Qd3 Rac8 28. Rg3 Nf5 29. Rgh3 h6 30. Rh5 Nd4 31. R5h3 Ne6 32. Qxd6 Ng5 33.
Rxh6+ gxh6 34. Rxh6+ Kg7 35. Rxf6 Rxf6 36. Qd7+ 1-0

[Event "Campeonato Brasileiro Amador 2015"]
[Site "Esporte Clube Pinheiros, São P"]
[Date "2015.04.30"]
[Round "1.28"]
[White "Saito, Helio Tsutomu"]
[Black "Lima, Eduardo Augusto Fabr"]
[Result "1/2-1/2"]
[WhiteElo "1634"]
[BlackElo "1975"]
[PlyCount "87"]
[EventDate "2015.04.30"]

1. e4 c5 2. Nf3 d6 3. d4 cxd4 4. Nxd4 Nf6 5. Nc3 g6 6. Be3 Bg7 7. f3 O-O 8. Qd2
Nc6 9. Bc4 Bd7 10. Bb3 Rc8 11. Nxc6 bxc6 12. Bh6 Qc7 13. Bxg7 Kxg7 14. O-O-O c5
15. Bc4 Rb8 16. g4 Qb7 17. b3 Qb4 18. Nb1 Qb6 19. h4 h5 20. g5 Ne8 21. Qc3+ Kg8
22. Nd2 Nc7 23. Nf1 Be6 24. Ne3 Bxc4 25. Qxc4 Qa5 26. a4 Ne6 27. Nd5 Rb7 28. f4
Nd4 29. f5 gxf5 30. g6 fxg6 31. exf5 Nxf5 32. Nxe7+ Kh7 33. Nxf5 Rxf5 34. Rxd6
Rbf7 35. Rhd1 Qc7 36. Kb1 Qe7 37. Re6 Qb7 38. Re8 Qf3 39. Rdd8 Qf1+ 40. Qxf1
Rxf1+ 41. Kb2 R1f4 42. Rh8+ Kg7 43. Rhg8+ Kh7 44. Rh8+ 1/2-1/2